000 01164nam a2200205 i 4500
001 154578
003 ES-MaACL
005 20230906205802.0
008 990701s1886 sp |||| | spa d
040 _aGA
_bspa
_cCCPB | 3D
100 1 _aGonzález Garbín, Antonio.
_9127411
245 1 0 _aDiscurso pronunciado en la Universidad Literaria de Granada en la solemne apertura del curso de 1886 a 1887 /
_cpor el Doctor D. Antonio González Garbín.
260 _aGranada :
_b[s.n.],
_c1886 (
_fImprenta de Indalecio Ventura)
300 _a59 p. ;
_c31 cm.
500 _aTema: Sobre los orígenes, progresos y estado actual de la ciencia glotológica, y en especial de aquellos estudios que se refieren á las lenguas de la raza indoeuropea.
710 2 _aUniversidad Literaria de Granada.
_9153703
852 _aES-MaACL
_jT-448-F-1
_z-- Enc. hol., falto de la cub. original
_z-- Enc. en un vol. facticio
_x-- Hay tres ejemp. en este tomo (1, 6 y 8)
852 _aES-MaACL
_jT-448-F-6
_z-- Enc. hol., falto de la cub. original
_z-- Enc. en un vol. facticio
852 _aES-MaACL
_jT-448-F-8
_z-- Enc. hol., falto de la cub. original
_z-- Enc. en un vol. facticio
999 _c154578
_d154578